000 01579nam a22003734i 4500
999 _c63681
_d63681
001 768714001
003 CO-MdFUSB
005 20200414152818.0
007 cr cn|||||||||
008 130719t2013 sp gs 000 0 spa d
020 _a9788433036230
_qelectrónico
040 _aCO-MdFUSBC
_bspa.
_cCO-MdFUSB
_dCO-MdFUSBC
_erda
041 _aspa
082 0 4 _a226.407
_223
100 1 _aGarcía Rodríguez, Santiago.
_eautor
245 1 0 _aEvangelio de Lucas
_c/ Santiago García Restrepo
_h[recurso electrónico]
264 1 _aEspaña :
_bDesclée de Brouwer,
_c[2013]
264 4 _c© 2013
300 _arecurso en línea (698 páginas)
_c;
336 _2rdacontent
_atexto
_btxt
337 _2rdamedia
_ainformático
_bc
338 _2rdacarrier
_aremoto
_bcr
347 _2rda
_afichero de texto
_bHtml
490 1 _aComentarios a la Nueva Biblia de Jerusalén.
504 _aIncluye bibliografía
505 _aNacimiento y vida oculta de Juan el Bautista. -- Preparacion inmediata del camino de Jesús. -- El camino de Jesús por Galilea. -- La subida de Jesús a Jerusalén: camino de Misión. -- Ministerio de Jesús en Jerusalén. -- La pasión. -- Después de la resurrección.
516 _aTexto electrónico
538 _aAcceso a Internet; requiere usuario y clave asignada por la biblioteca
630 0 7 _aBiblia.
_vLucas
856 4 0 _uhttp://site.ebrary.com/lib/unisbcsp/Doc?id=10721391
_b10721391
_zAbrir Versión electrónica del libro Evangelio de Lucas
942 _cBK
945 _aJTF-925